00856nam a2200217 a 4500001001000000003000500010005001700015008004100032010001100073011001100084040000900095100003800104245021300142260004200355300001700397502007900414650004500493650004500538650002700583650002800610000109778CHAP20220329144103.0140527s2011 mx a |rm |0|||||spa d a106240 a107212 cCHAP1 aMartínez Correa, Paloma Azucena10aEfecto de la adición del extracto de chrysactinia mexicana gray sobre la respuesta inflamatoria cutánea en pollos de engorda desafiados con fitohemaglutinina (PHA) /cpor Paloma Azucena Martínez Correa. aSan Luis Potosí :bEl autor,c2011. a56 h. :bil. aTesis (Ing. Agroindustrial) -- Universidad Autónoma de San Luis Potosí14aBotánica médicaxEfecto en animales.14aChrysactinia mexicanaxEfecto en pollos.14aInocuidad alimentaria.14aPollosxAlimentación.